000 00837nam a2200289 a 4500
001 82412
003 BD-RjUL
005 20231206114806.0
008 231206t20162016enk 000 0 eng d
020 _a9781848424234
_q(paperback)
020 _a184842423X
_q(paperback)
035 _a(BD-RjUL)82412
040 _aCDX
_beng
_cCDX
_erda
_dDLC
_dBD-RjUL
041 _aeng
082 0 4 _223
_a792.028
_bMOA 2016
100 1 _aMoseley, Nick,
_d1962-
_eauthor.
_910365
245 1 0 _aActioning and how to do it /
_cNick Moseley.
264 1 _aLondon :
_bNick Hern Books,
_c2016.
264 4 _c©2016.
300 _axii, 146 pages ;
_c22 cm.
336 _atext
_btxt
_2rdacontent
337 _aunmediated
_bn
_2rdamedia
338 _avolume
_bnc
_2rdacarrier
650 0 _aActing
_xTechnique.
_910366
942 _2ddc
_cBK
999 _c82412
_d82412